| 000 | 00775cam a2200277 4500 | ||
|---|---|---|---|
| 001 | 2181521 | ||
| 003 | OSt | ||
| 005 | 20140311134811.0 | ||
| 008 | 701104s1970 nyua 001 0 eng | ||
| 010 | _a 70121731 | ||
| 020 | _a0875020097 | ||
| 040 |
_aDLC _cDLC _dDLC |
||
| 050 | 0 | 0 |
_aTX 740 _b .P665 1958 |
| 082 | 0 | 0 |
_aM 641.5 _bB58 1958 |
| 100 | 1 | _aPiper, Virginia M. | |
| 245 | 1 | 0 |
_aCarnation's easy-does-it cookbook / _cPiper, Virginia M. |
| 260 |
_aNew York, _bBenjamin Co.; distributed by Grosset & Dunlap _c1958 |
||
| 300 |
_a176 p. _c16 cm. |
||
| 350 | _a$1.45 | ||
| 650 | 0 | _aCooking. | |
| 655 | 7 |
_aCookbooks. _2lcgft |
|
| 740 | 0 | _aEasy-does-it cookbook. | |
| 906 |
_a7 _bcbc _corignew _d4 _encip _f19 _gy-gencatlg |
||
| 942 |
_2lcc _cBK _kM |
||
| 999 |
_c35826 _d35826 |
||